MDQL
is popping MORE tags! Check the
thread
!
Quizzes
Events
Quiz Creation
Community
Videos
Private Events
Remove Ads
Sign In
Join for FREE
Feedback
Dark Mode
Quiz Categories
Sports
Geography
Music
Movies
Television
Just For Fun
Miscellaneous
History
Literature
Language
Science
Gaming
Entertainment
Religion
Holiday
For Kids
Quiz Lab
Recent
Popular Today
Quiz Kudos Today
Editor Picks
Curator Picks
Quizzes by...
Day
Popularity
Type
Ratings
Length
Year
Community
Subscriptions
Recent Discussions
Orange Saloon
Badges
Playlists
Quests
Create
Leaderboards
Showdown
Live 5
Trivia Bingo
Activity
Puzzle Library
Sporcle Events
Private Events
Virtual Trivia
Globe League
Become a Host
Pub Owners
SporcleCon
Opinionation
Our Games
Videos
Blog
Mobile Apps
Partnerships
Remove Ads and Go Orange
Feedback
Just For Fun
Clickable
Get the Picture
Humor
Quick Pick
Word Ladder
Missing Word
Mixed Word
Blitz
Minefield
This or That
Alphabet
Color
Typing
Sporcle
Puzzle
Word Play
Follow That Line
Logic
Just For Fun
Clickable
Get the Picture
Humor
Quick Pick
Word Ladder
Missing Word
Mixed Word
Blitz
Minefield
This or That
Alphabet
Color
Typing
Sporcle
Puzzle
Word Play
Follow That Line
Logic
Random Quiz
Search Sporcle
×
Quiz Lab
Quiz Lab
Just For Fun
Clickable
Select answers by clicking on text or image buttons
Select answers by clicking on text or image buttons
Clickable
Best Score? Go Orange.
Anything but 6 Stats
Can you click 1-100 in 1 minute other than 6, multiples of 6, and numbers with 6 in them?
By
Donaldsons
60s
70 Questions
358 Plays
358 Plays
358 Plays
Comments
Comments
Give Quiz Kudos
Give Quiz Kudos
-
- Ratings
hide this ad
Minefield
Wrong answers will end the quiz
Wrong answers will end the quiz
Replay
Link that replays current quiz
Next Quiz
Link to next quiz in quiz playlist
You Got
0%
They Got
Avg Score
48%
Avg Friend Score
Upgrade to see
Score Distribution
Jump to the score distribution portion of the page
Score
0/70
Timer
01:00
0
Plays Today
% Correct
???
97.8%
???
93.6%
???
92.7%
???
92.7%
???
92.7%
???
91.9%
???
91.6%
???
88%
???
87.2%
???
86.3%
???
85.8%
???
85.2%
???
84.9%
???
74.9%
???
69%
???
69%
???
68.2%
???
66.8%
???
66.5%
???
65.9%
???
60.1%
???
60.1%
???
55.9%
???
53.1%
???
52.8%
???
52%
???
51.1%
???
50.8%
???
50.6%
???
50.3%
???
49.7%
???
49.2%
???
49.2%
???
47.5%
???
46.9%
% Correct
???
45.5%
???
43.9%
???
40.2%
???
39.9%
???
38.5%
???
38.3%
???
35.8%
???
35.5%
???
33.5%
???
33.5%
???
31.8%
???
30.4%
???
30.2%
???
29.9%
???
28.5%
???
27.1%
???
26.8%
???
24%
???
23.5%
???
23.5%
???
22.9%
???
22.9%
???
22.1%
???
21.5%
???
20.1%
???
20.1%
???
19.8%
???
19.3%
???
19.3%
???
19.3%
???
19.3%
???
18.7%
???
18.4%
???
17.3%
???
17%
Quiz Playlist
Details
Report
Send in Message
Add To Playlist
Clickable:
Select answers by clicking on text or image buttons
Minefield:
Wrong answers will end the quiz
Last Updated: Mar 11, 2017
Quiz Scoreboard
CHALLENGE
Sign Up to Join the Scoreboard
Show All
Scores
Hide
Comments
May contain spoilers
Recently Published
Two Season TV Shows II
by 123Four
Television
10m
Image Sorting: Flags VI
by Barbecue
Geography
2m
Find the 'City' Movie
by crazypaving
Movies
60s
More to Explore
Quiz From the Vault
Featured Blog Post
14 Easter Pick-up Lines to Find Eggs With
hide this ad
You Might Also Like...
Tags
Clickable Quiz
1-100
Anything
minute
multiple
Today's Top Quizzes in Just For Fun
Browse Just For Fun
hide this ad
Today's Top Quizzes in Clickable
Browse Clickable
Top Contributed Quizzes in Just For Fun
1
Name Just One - 10 to 1: Just For Fun
2
Missing Word: 2-Letter A-Z II
3
Avatar the Last Airbender: Logic Puzzle
4
Missing Letter Whitney Houston Songs
5
Missing Word: 'Of' Things A-Z
6
It's Magic / Witchcraft 🎩🪄🧙♀️
7
Eurovision 2024 Countries Logic Puzzle
8
Survivor Winners Logic Puzzle
9
Missing Word: 'Of' Things A-Z II
10
Killer Double Trees 224 - Colour Match-Up
Explore More
Trending Topics
Crossword
Kpop
Disney
Harry Potter
Anime
NBA
Marvel
Soccer
Puzzle
Song
The Office
Country
NFL
WWE
Pokémon
hide this ad
More By:
Donaldsons
Quiz
Plays
Rating
Category
Featured
Created
NFL Playoff Teams 2016-2017
9,270
4.09
Sports
Jan 1, 2017
Clickable 1-5 Mines
4,657
3.40
Just For Fun
Jan 1, 2017
Big 4 Former Canadian Teams Nicknames
3,089
3.26
Sports
Jan 27, 2017
NHL 2019-20 Playoff Bracket
1,948
2.33
Sports
Mar 22, 2020
1-200 in 15
1,630
2.83
Just For Fun
Jul 31, 2016
Go to Creator's Profile
Score Distribution
Quiz Creator Spotlight
Donaldsons
Follow
Send a Message
Quizzes Created
-
Created Quiz Play Count
-
More By This Creator
Popular Quizzes Today
1
Find the US States - No Outlines Minefield
2
Colored Red Africa Blitz
3
Find the 'City' Movie
4
5x2 Blitz: Bands
5
The Countries of the World
6
Find the Countries of Europe - No Outlines Minefield
7
Find the US States
8
US States
More Just For Fun Quizzes
Missing Word: Mexico by the Letter
Published
Trending Quizzes
Colored Red Europe Blitz I
Colored Red Africa Blitz II
Colored Red Europe Blitz II
Colored Red Africa Blitz III
Even More Two Season TV Shows
Recently Updated
March Madness Men's Triple Doubles
pecheneg
How Do You Spell That?
pecheneg
Godzilla Movies
pecheneg
Grab Bag: 4-10 Letters
pecheneg
2024 March Madness Bracket
pecheneg
Famous TV Couples
Peacemaker
Champions League XIs: Real Madrid
pecheneg
Largest US Cities 1790-2010
pecheneg
Rides in Walt Disney World
pecheneg
Most Oscar Losses (Acting)
pecheneg
Trending Topics
NBA
Disney
Marvel
Harry Potter
Crossword
Anime
Kpop
The Office
Pokémon
Song
Puzzle
NFL
Soccer
WWE
Country
Your Account Isn't Verified!
In order to create a playlist on Sporcle, you need to verify the email address you used during registration. Go to your
Sporcle Settings
to finish the process.
Report this User
Report this user for behavior that violates our
Community Guidelines
.
Details:
Send Report
Go to the Sporcle.com Mobile Site →
Comments